000 00615nam a2200193Ii 4500
003 JO-AjNU
008 230605s9999||||xx |||||||||||||| ||und||
040 _aJO-AjNU
_bara
_erda
_cJO-AjNU
041 _aara
050 1 4 _aPJ7858.A53 1972
100 3 _aالقاسم، سميح,
_eauthor
_957063
245 0 0 _aالموت الكبير
264 3 1 _aبيروت: منشورات دار الآداب ، 1972
300 _a272ص
336 _atext
_btxt
_2rdacontent
337 _aunmediated
_bn
_2rdamedia
338 _avolume
_bnc
_2rdacarrier
650 4 _aالشعر العربي -- فلسطين -- قرن 20 
_957064
999 _aA25549
_c29117
_d29117